[Event "Ct. Catalunya juvenil"]
[Site "?"]
[Date "2011.04.21"]
[Round "2"]
[White "Rojano Alfonso, C."]
[Black "Pruja Ramirez de Cartagena, M."]
[Result "0-1"]
[WhiteElo "2011"]
[BlackElo "2248"]
[PlyCount "116"]
[EventDate "2011.??.??"]
[EventType "swiss"]
[EventRounds "8"]

1. e4 d6 2. d4 g6 3. f4 Bg7 4. c3 Nf6 5. Bd3 c5 6. Nf3 O-O 7. O-O cxd4 8. cxd4
Nc6 9. e5 dxe5 10. dxe5 Ng4 11. Qe2 Nd4 12. Nxd4 Qxd4+ 13. Kh1 Rd8 14. Bc4 a6
15. h3 Nh6 16. Be3 Qd7 17. Bb6 Re8 18. Nc3 Qc6 19. Bf2 Be6 20. Bxe6 Qxe6 21.
Qe4 f6 22. Rae1 fxe5 23. fxe5 Rad8 24. Re2 b5 25. Rfe1 Rf8 26. a4 Qc4 27. Qxc4+
bxc4 28. Kh2 Rf5 29. g4 Rf3 30. Bg3 Rdd3 31. Rg2 Nf7 32. h4 Rxg3 33. Rxg3 Bxe5
34. Rxe5 Nxe5 35. Rxd3 Nxd3 36. Nd1 Kf7 37. Kg3 Ke6 38. Kf3 Kd5 39. Ke3 Ne5 40.
g5 Kc5 41. Ke4 Nc6 42. Ne3 e6 43. Ng4 Kb4 44. Nf6 Kb3 45. Nxh7 Kxb2 46. Nf8 c3
47. Nxg6 e5 48. h5 c2 49. h6 c1=Q 50. h7 Qxg5 51. h8=Q Qxg6+ 52. Ke3 Qg3+ 53.
Ke4 Qf4+ 54. Kd5 Nb4+ 55. Ke6 Qc4+ 56. Kf5 Ka3 57. a5 Ka4 58. Qh6 Qf4+ 0-1

[Event "Ct. Catalunya juvenil"]
[Site "?"]
[Date "2011.04.21"]
[Round "2"]
[White "Sabria Batlle, P."]
[Black "Jover Font, P."]
[Result "1/2-1/2"]
[WhiteElo "2211"]
[BlackElo "1712"]
[PlyCount "88"]
[EventDate "2011.??.??"]
[EventType "swiss"]
[EventRounds "8"]

1. e4 e5 2. Nf3 Nc6 3. Bb5 g6 4. c3 Bg7 5. d4 exd4 6. cxd4 d6 7. h3 Nge7 8. Nc3
h6 9. O-O O-O 10. Re1 Kh7 11. d5 Ne5 12. Nxe5 dxe5 13. Be3 f5 14. Bc5 Rf6 15.
exf5 Rxf5 16. Qb3 b6 17. Be3 Bb7 18. Rad1 Qf8 19. Bd3 Rf6 20. Ne4 Rf7 21. Bc4
Nf5 22. a4 a6 23. a5 Nxe3 24. Rxe3 b5 25. Be2 Rd8 26. Bg4 Bc8 27. Bxc8 Rxc8 28.
Qc3 Rd8 29. b4 Rfd7 30. Red3 Qf7 31. Qc6 Qf5 32. f3 Qf7 33. d6 Rxd6 34. Rxd6
Rxd6 35. Rxd6 cxd6 36. Qxd6 Qc4 37. Qe7 Qc1+ 38. Kf2 Qc2+ 39. Kg3 Qc8 40. Nf6+
Kh8 41. Qf7 Qf8 42. Qxf8+ Bxf8 43. Nd5 Kg7 44. f4 Bd6 1/2-1/2

[Event "Ct. Catalunya juvenil"]
[Site "?"]
[Date "2011.04.21"]
[Round "2"]
[White "Solani Nuñez, J."]
[Black "Muratet Carmona, J."]
[Result "1-0"]
[WhiteElo "1886"]
[BlackElo "1682"]
[PlyCount "103"]
[EventDate "2011.??.??"]
[EventType "swiss"]
[EventRounds "8"]

1. d4 d5 2. c4 c6 3. Nc3 Nf6 4. Nf3 e6 5. Bg5 Be7 6. e3 O-O 7. Rc1 Nbd7 8. a3
dxc4 9. Bxc4 b5 10. Ba2 Bb7 11. b4 a5 12. Qb3 axb4 13. axb4 Nb6 14. Ne5 Nbd5
15. Nxd5 Nxd5 16. Bxe7 Qxe7 17. Nd3 Ra4 18. Rc5 Nf6 19. O-O Rfa8 20. Bb1 Ne4
21. Qc2 g6 22. Re5 Nd6 23. Qc5 Qd7 24. Qc1 Nc4 25. Rc5 Ra1 26. Ne5 Nxe5 27.
Rxe5 Qd6 28. Rc5 R1a4 29. Qc3 Rd8 30. Bc2 Ra6 31. Rc1 Kf8 32. h3 Ke7 33. Be4
Rc8 34. Bf3 h5 35. e4 Rd8 36. d5 exd5 37. exd5 cxd5 38. Re1+ Kd7 39. Rxb5 Bc6
40. Rc5 Re8 41. Rxe8 Kxe8 42. b5 d4 43. Bxc6+ Kf8 44. Qc1 Ra5 45. Rd5 Qf6 46.
Qh6+ Ke7 47. Qd2 Ra4 48. Rd7+ Kf8 49. Qh6+ Kg8 50. Bd5 Ra1+ 51. Kh2 Qe5+ 52. f4
1-0

[Event "Ct. Catalunya juvenil"]
[Site "?"]
[Date "2011.04.21"]
[Round "2"]
[White "Terrones Launes, X."]
[Black "Julian Ortin, EM."]
[Result "0-1"]
[WhiteElo "1557"]
[BlackElo "1745"]
[PlyCount "98"]
[EventDate "2011.??.??"]
[EventType "swiss"]
[EventRounds "8"]

1. d4 d5 2. c4 c6 3. Nc3 dxc4 4. e4 b5 5. a4 b4 6. Na2 Nf6 7. Bxc4 Nxe4 8. Qf3
Nd6 9. Bb3 e6 10. Ne2 a5 11. O-O Be7 12. Qg3 O-O 13. Bf4 Nf5 14. Qd3 Ba6 15.
Bc4 Qb6 16. Rfd1 Bxc4 17. Qxc4 Nd7 18. b3 Rfd8 19. Ng3 Nxg3 20. Bxg3 Nf6 21.
Rd3 Rd5 22. Rc1 Rc8 23. Rc2 Ne4 24. Bf4 Bd6 25. Re2 Nf6 26. Be3 Qc7 27. h3 Qd7
28. f3 Bc7 29. Kf1 Bb6 30. Bf2 Nh5 31. Re4 Bc7 32. Nc1 Nf6 33. Re1 Nh5 34. Ne2
Nf4 35. Nxf4 Bxf4 36. Re4 Bg5 37. Bg3 Rd8 38. Rg4 Bf6 39. Bf2 c5 40. Re4 h6 41.
Qa6 cxd4 42. Qc4 Rc8 43. Qa6 Rc3 44. Re2 Rc1+ 45. Re1 Rxe1+ 46. Kxe1 Qc7 47.
Kd2 Bg5+ 48. Ke1 Qc1+ 49. Rd1 Re5+ 0-1

[Event "Ct. Catalunya juvenil"]
[Site "?"]
[Date "2011.04.21"]
[Round "2"]
[White "Torres Morales, F."]
[Black "Frances Cuscullola, O."]
[Result "1-0"]
[WhiteElo "1746"]
[BlackElo "2077"]
[PlyCount "65"]
[EventDate "2011.??.??"]
[EventType "swiss"]
[EventRounds "8"]

1. e4 d5 2. exd5 Qxd5 3. Nc3 Qa5 4. d4 Nf6 5. Nf3 Bg4 6. Bc4 e6 7. h3 Bh5 8.
Bd2 c6 9. g4 Bg6 10. Ne5 Qb6 11. Qe2 Nbd7 12. O-O-O O-O-O 13. f4 Nxe5 14. dxe5
Nd5 15. Rhf1 Nxc3 16. Bxc3 Rxd1+ 17. Rxd1 Qc7 18. Qf3 Qe7 19. Rd6 h5 20. Ba6
Kb8 21. Ba5 hxg4 22. hxg4 Qxd6 23. exd6 Bxd6 24. Qb3 Bxf4+ 25. Kd1 Rh1+ 26. Ke2
Rh2+ 27. Kf1 Rh1+ 28. Ke2 Rh2+ 29. Ke1 Rh1+ 30. Bf1 Rh2 31. Bd3 Rh3 32. Qc4
Bg3+ 33. Kf1 1-0

[Event "Ct. Catalunya juvenil"]
[Site "?"]
[Date "2011.04.21"]
[Round "2"]
[White "Vazquez Kaufmann, D."]
[Black "Corrales Adamuz, C."]
[Result "1-0"]
[WhiteElo "1689"]
[BlackElo "1883"]
[PlyCount "53"]
[EventDate "2011.??.??"]
[EventType "swiss"]
[EventRounds "8"]

1. e4 e5 2. Nf3 Nc6 3. Bc4 Be7 4. d4 exd4 5. Nxd4 Nf6 6. Nf5 Bf8 7. Nc3 d6 8.
O-O Be6 9. Bd5 Qd7 10. Nd4 Bxd5 11. exd5 Ne7 12. Re1 h6 13. a4 O-O-O 14. Ndb5
a6 15. Qd4 b6 16. a5 axb5 17. axb6 cxb6 18. Qxb6 Qb7 19. Qxb7+ Kxb7 20. Nxb5
Nexd5 21. Ra7+ Kb6 22. c4 Rd7 23. Ra8 Nc7 24. Rb8+ Ka6 25. Nxc7+ Ka7 26. Rb3 d5
27. Be3+ 1-0

[Event "Ct. Catalunya juvenil"]
[Site "?"]
[Date "2011.04.21"]
[Round "2"]
[White "Ventura Bolet, A."]
[Black "Moreno Martin, D."]
[Result "0-1"]
[WhiteElo "1740"]
[BlackElo "2171"]
[PlyCount "48"]
[EventDate "2011.??.??"]
[EventType "swiss"]
[EventRounds "8"]

1. d4 d5 2. e4 e6 3. exd5 exd5 4. c4 Nf6 5. Nc3 Be7 6. Nf3 O-O 7. cxd5 Nbd7 8.
Ne5 Nb6 9. Bd3 Nbxd5 10. a3 c5 11. dxc5 Nxc3 12. bxc3 Qc7 13. Bf4 Qxc5 14. c4
Bd6 15. Nd7 Qa5+ 16. Bd2 Re8+ 17. Kf1 Qd8 18. Nxf6+ Qxf6 19. Qc1 Bc5 20. f3 Qd4
21. Bxh7+ Kxh7 22. Qc2+ g6 23. Bc1 Bf5 24. Qa2 Qd1# 0-1

[Event "Ct. Catalunya juvenil"]
[Site "?"]
[Date "2011.04.21"]
[Round "2"]
[White "Ventura Bolet, M."]
[Black "Subirats Ruiz, S."]
[Result "0-1"]
[WhiteElo "1987"]
[BlackElo "2206"]
[PlyCount "88"]
[EventDate "2011.??.??"]
[EventType "swiss"]
[EventRounds "8"]

1. c4 Nf6 2. Nf3 g6 3. Nc3 d5 4. cxd5 Nxd5 5. Qa4+ Bd7 6. Qh4 Nxc3 7. dxc3 c5
8. e4 Qb6 9. Bc4 Nc6 10. O-O Na5 11. Bd5 Bg7 12. e5 e6 13. Be4 Nc4 14. Bh6 Bxh6
15. Qxh6 O-O-O 16. b4 Bc6 17. Qf4 Bxe4 18. Qxe4 Nd2 19. Nxd2 Rxd2 20. Qf4 Rd7
21. Rfd1 Rhd8 22. Rxd7 Rxd7 23. h3 cxb4 24. cxb4 Qd4 25. Rc1+ Kb8 26. Qf6 a6
27. Qh8+ Ka7 28. Qc8 Rd5 29. Qf8 Qf4 30. Re1 Rb5 31. a4 Qxb4 32. Qxb4 Rxb4 33.
Ra1 Re4 34. a5 Rxe5 35. Kh2 Kb8 36. Kg3 Kc7 37. Rc1+ Kd7 38. Ra1 Kc6 39. f3 Rc5
40. h4 f6 41. Kf4 Rc4+ 42. Kg3 Kb5 43. Rb1+ Rb4 44. Ra1 e5 0-1

[Event "Ct. Catalunya juvenil"]
[Site "?"]
[Date "2011.04.21"]
[Round "2"]
[White "Vidal Zamora, A."]
[Black "Ezquerro Luque, A."]
[Result "1/2-1/2"]
[WhiteElo "2128"]
[BlackElo "2055"]
[PlyCount "82"]
[EventDate "2011.??.??"]
[EventType "swiss"]
[EventRounds "8"]

1. e4 e5 2. Nf3 Nf6 3. Nxe5 d6 4. Nf3 Nxe4 5. d4 d5 6. Bd3 Bd6 7. O-O O-O 8. c4
c6 9. h3 Nd7 10. Nc3 Ndf6 11. cxd5 Nxc3 12. bxc3 cxd5 13. Bg5 h6 14. Bh4 Be7
15. Re1 Be6 16. Ne5 Re8 17. Qe2 a6 18. Rac1 Rc8 19. Bb1 Qa5 20. Qe3 Rc7 21.
Bxf6 Bxf6 22. Ng4 Bg5 23. f4 Rce7 24. fxg5 Bxg4 25. Qxe7 Rxe7 26. Rxe7 Kf8 27.
Rce1 Be6 28. Rxb7 Qxc3 29. Rd1 Qe3+ 30. Kf1 hxg5 31. Rb3 Qf4+ 32. Kg1 g4 33.
hxg4 Bxg4 34. Rdd3 Qc1+ 35. Kh2 Bf5 36. Re3 Be6 37. Rb8+ Ke7 38. Rb7+ Kd8 39.
Rb8+ Kc7 40. Rbb3 Qd1 41. Rec3+ Kd8 1/2-1/2

[Event "Ct. Catalunya juvenil"]
[Site "?"]
[Date "2011.04.21"]
[Round "2"]
[White "Vidal Zamora, C."]
[Black "Montiel Baeza, A."]
[Result "0-1"]
[WhiteElo "1691"]
[BlackElo "1908"]
[PlyCount "122"]
[EventDate "2011.??.??"]
[EventType "swiss"]
[EventRounds "8"]

1. e4 e6 2. d4 d5 3. e5 c5 4. c3 Nc6 5. Nf3 Qb6 6. Be2 cxd4 7. cxd4 Nge7 8. b3
Nf5 9. Bb2 Bb4+ 10. Kf1 Be7 11. g3 f6 12. Kg2 fxe5 13. dxe5 Bc5 14. Qe1 Nb4 15.
Na3 O-O 16. Rc1 Nxa2 17. Rb1 Nb4 18. Bc3 Nc6 19. b4 Bd4 20. Nxd4 Ncxd4 21. Bg4
Bd7 22. Rd1 Nb5 23. Nxb5 Bxb5 24. Bxf5 Rxf5 25. Bd4 Qc6 26. Rc1 Bc4 27. Ra1 a6
28. Qc3 Rc8 29. f3 Rf7 30. Bc5 Rd8 31. Qd4 Rdd7 32. Ra5 Rf5 33. Re1 Rdf7 34.
Re3 Bb5 35. Raa3 h6 36. Rac3 Bc4 37. h4 Qa4 38. Qd2 Qb5 39. Re1 b6 40. Bd6 Ra7
41. Ra3 Rff7 42. Qc2 Qc6 43. Qd2 Ra8 44. Qd4 Rfa7 45. Qg4 Qd7 46. Qd4 Rb7 47.
Rea1 Qf7 48. g4 Qg6 49. Qd2 Rc8 50. Rc1 Rd7 51. Kg3 Rc6 52. Rxa6 Rcxd6 53. Ra8+
Rd8 54. Rxd8+ Rxd8 55. Rxc4 Qe8 56. Rd4 Rc8 57. Qe3 Qc6 58. Rf4 Qb5 59. Qa3 Qe2
60. Qa1 Rc2 61. Qg1 Qxe5 0-1

[Event "Ct. Catalunya juvenil"]
[Site "?"]
[Date "2011.04.21"]
[Round "3"]
[White "Alquezar Calpena, M."]
[Black "Terrones Launes, X."]
[Result "1-0"]
[WhiteElo "1800"]
[BlackElo "1557"]
[PlyCount "79"]
[EventDate "2011.??.??"]
[EventType "swiss"]
[EventRounds "8"]

1. e4 e5 2. Nf3 Nf6 3. Nxe5 d6 4. Nf3 Nxe4 5. Nc3 Nf6 6. Bc4 Be7 7. O-O O-O 8.
h3 c6 9. d4 b5 10. Bd3 a6 11. Re1 Bb7 12. Bg5 Nbd7 13. Ne4 Re8 14. Ng3 Nd5 15.
Bxe7 Rxe7 16. Nf5 Rxe1+ 17. Qxe1 N7f6 18. Qd2 Ne7 19. Nxe7+ Qxe7 20. Re1 Qd7
21. Qf4 c5 22. Rd1 Qc6 23. dxc5 dxc5 24. Bf5 c4 25. Qg3 Qc5 26. Qg5 Qb4 27. b3
cxb3 28. cxb3 Re8 29. Kh2 Bxf3 30. gxf3 Qc3 31. Rg1 g6 32. Bg4 Nxg4+ 33. Qxg4
Qd2 34. Rg2 Qxa2 35. Qd7 Rf8 36. Qd5 a5 37. h4 a4 38. h5 Qb2 39. hxg6 hxg6 40.
Rxg6+ 1-0

[Event "Ct. Catalunya juvenil"]
[Site "?"]
[Date "2011.04.21"]
[Round "3"]
[White "Bardera Gil, S."]
[Black "Cervello Tost, R."]
[Result "0-1"]
[WhiteElo "2025"]
[BlackElo "1661"]
[PlyCount "106"]
[EventDate "2011.??.??"]
[EventType "swiss"]
[EventRounds "8"]

1. e4 e5 2. Nf3 Nc6 3. Bc4 Bc5 4. c3 Nf6 5. d4 exd4 6. cxd4 Bb4+ 7. Nc3 Nxe4 8.
O-O Bxc3 9. d5 Na5 10. Qe2 O-O 11. bxc3 Nxc4 12. Qxe4 Nd6 13. Qd3 Qf6 14. Re1
b6 15. Bg5 Qg6 16. Qxg6 fxg6 17. Be7 Re8 18. Bxd6 Rxe1+ 19. Rxe1 cxd6 20. Ng5
Bb7 21. c4 Ba6 22. Re7 Bxc4 23. Rxd7 Bxd5 24. a3 h6 25. Nh3 Be6 26. Rxd6 Rc8
27. Kf1 Bxh3 28. gxh3 Rc3 29. a4 Rxh3 30. Kg2 Ra3 31. Rd8+ Kh7 32. Rd4 g5 33.
Rb4 h5 34. h3 Kg6 35. Rd4 Kf5 36. Rb4 g6 37. Rb5+ Ke6 38. Rb4 Kf6 39. Rc4 Rb3
40. a5 bxa5 41. Rc6+ Kg7 42. Rc7+ Kh6 43. Rxa7 Ra3 44. Kf1 Rxh3 45. Rxa5 g4 46.
Kg2 Rc3 47. Rb5 Rf3 48. Rb4 Kg5 49. Rb5+ Rf5 50. Rb6 h4 51. Rb2 h3+ 52. Kh2 Kh4
53. Rc2 Rxf2+ 0-1

[Event "Ct. Catalunya juvenil"]
[Site "?"]
[Date "2011.04.21"]
[Round "3"]
[White "Campos Cayuelas, A."]
[Black "Rojano Alfonso, C."]
[Result "0-1"]
[WhiteElo "1906"]
[BlackElo "2011"]
[PlyCount "84"]
[EventDate "2011.??.??"]
[EventType "swiss"]
[EventRounds "8"]

1. d4 d5 2. Nc3 e6 3. e4 Be7 4. e5 b6 5. Qg4 Kf8 6. Nf3 Ba6 7. Bxa6 Nxa6 8. a3
h5 9. Qf4 Nh6 10. Bd2 Nf5 11. h3 c5 12. dxc5 bxc5 13. O-O-O Nh4 14. Nxh4 Bxh4
15. g4 g5 16. Qa4 Qb6 17. f4 Rb8 18. b3 c4 19. fxg5 cxb3 20. Qxb3 Qxb3 21. cxb3
Rxb3 22. Kc2 Rxa3 23. Rhf1 Kg7 24. Kb2 Ra5 25. gxh5 Rxh5 26. Rf3 Rc5 27. Ra1
Rc6 28. Ne2 Rh8 29. Ra4 Rb8+ 30. Ka3 Nc7 31. Nd4 Rc4 32. Rxa7 Rxd4 33. Rxc7
Rxd2 34. Rfxf7+ Kg6 35. Rh7 Rd3+ 36. Ka2 Rd4 37. Ka3 Rg8 38. Rh6+ Kxg5 39. Rxe6
Kf5 40. Rcc6 Rg3+ 41. Kb2 Rd2+ 42. Kc1 Rh2 0-1

[Event "Ct. Catalunya juvenil"]
[Site "?"]
[Date "2011.04.21"]
[Round "3"]
[White "Colon Garcia, E."]
[Black "Bulto Gonzalvo, R."]
[Result "1-0"]
[WhiteElo "2288"]
[BlackElo "1873"]
[PlyCount "45"]
[EventDate "2011.??.??"]
[EventType "swiss"]
[EventRounds "8"]

1. e4 c5 2. Nf3 e6 3. d4 cxd4 4. Nxd4 Nc6 5. Nc3 Qc7 6. Be2 a6 7. O-O Nf6 8.
Be3 Bb4 9. Na4 Be7 10. Nxc6 bxc6 11. Nb6 Rb8 12. Nxc8 Qxc8 13. e5 Nd5 14. Bc1
Bc5 15. Qd3 Ne7 16. Kh1 a5 17. Qc4 Bb6 18. Qg4 O-O 19. Bd3 Bc7 20. Qh5 Ng6 21.
f4 Qd8 22. Bd2 Qh4 23. Bxg6 1-0

[Event "Ct. Catalunya juvenil"]
[Site "?"]
[Date "2011.04.21"]
[Round "3"]
[White "Corrales Adamuz, C."]
[Black "Vidal Zamora, C."]
[Result "1-0"]
[WhiteElo "1883"]
[BlackElo "1691"]
[PlyCount "108"]
[EventDate "2011.??.??"]
[EventType "swiss"]
[EventRounds "8"]

1. c4 d5 2. d4 e6 3. Nc3 Nd7 4. cxd5 exd5 5. Nxd5 Ngf6 6. Nc3 c6 7. e4 Bb4 8.
Bd3 O-O 9. Nge2 Qc7 10. Bf4 Bxc3+ 11. bxc3 Qd8 12. O-O Re8 13. Ng3 b5 14. Re1
Bb7 15. Nf5 Nb6 16. e5 Nfd5 17. Qg4 g6 18. Nh6+ Kg7 19. Bg5 Qc7 20. Qh4 Nd7 21.
Be4 Nxc3 22. Bf6+ Nxf6 23. exf6+ Kf8 24. Ng4 Rxe4 25. Qh6+ Ke8 26. Rxe4+ Nxe4
27. Re1 c5 28. Qxh7 Qd6 29. f3 Qxd4+ 30. Kh1 Qd2 31. Qg8+ Kd7 32. Qxf7+ Kc6 33.
Qe6+ Kc7 34. Qe7+ Kb6 35. Rg1 Ng3+ 36. hxg3 Rh8+ 37. Nh2 Qh6 38. Qd6+ Bc6 39.
g4 g5 40. Rc1 Qf8 41. Qe5 Rh6 42. f7 Qxf7 43. Qxc5+ Kb7 44. Qxg5 Qe6 45. Qg7+
Kb6 46. Qd4+ Kb7 47. Qd2 Rh7 48. Re1 Qf6 49. g5 Qf5 50. Kg1 Qc5+ 51. Kh1 Qf5
52. Qd8 Ka6 53. Qf6 Qc2 54. Qe5 Qxa2 1-0

[Event "Ct. Catalunya juvenil"]
[Site "?"]
[Date "2011.04.21"]
[Round "3"]
[White "Ezquerro Luque, A."]
[Black "Gotes Perez, J."]
[Result "1-0"]
[WhiteElo "2055"]
[BlackElo "1790"]
[PlyCount "70"]
[EventDate "2011.??.??"]
[EventType "swiss"]
[EventRounds "8"]

1. e4 e5 2. Nc3 Nf6 3. g3 Bc5 4. Bg2 d6 5. Nge2 a6 6. d3 Nc6 7. O-O O-O 8. h3
Ba7 9. Kh2 Nd4 10. f4 Nxe2 11. Nxe2 Nd7 12. fxe5 dxe5 13. g4 Nf6 14. Ng3 Be6
15. Bg5 Nxg4+ 16. Qxg4 Bxg4 17. Bxd8 Bxh3 18. Be7 Bxg2 19. Kxg2 Rfe8 20. Bg5
Re6 21. Rf3 Rg6 22. Bd2 f6 23. Raf1 Kf7 24. Kh3 Rh8 25. Rf5 h5 26. Rxe5 Bd4 27.
Rd5 Bb6 28. Rdf5 Ke6 29. Ne2 Ke7 30. Nf4 Rg1 31. Nd5+ Kd8 32. Nxb6 Rxf1 33.
Rxf1 cxb6 34. Rg1 g5 35. Rf1 Ke8 1-0

[Event "Ct. Catalunya juvenil"]
[Site "?"]
[Date "2011.04.21"]
[Round "3"]
[White "Forsberg Conde, M."]
[Black "Martinez Ramirez, E."]
[Result "0-1"]
[WhiteElo "2052"]
[BlackElo "2173"]
[PlyCount "62"]
[EventDate "2011.??.??"]
[EventType "swiss"]
[EventRounds "8"]

1. e4 c5 2. Nf3 g6 3. d4 cxd4 4. Nxd4 Bg7 5. Nc3 Nc6 6. Nb3 d6 7. Be2 Nf6 8.
Bg5 O-O 9. O-O Be6 10. Kh1 Na5 11. f4 Nc4 12. f5 Nxb2 13. Qc1 Bc4 14. Qxb2 Bxe2
15. Nxe2 Nxe4 16. f6 Nxf6 17. Rad1 Ne4 18. Qc1 Nxg5 19. Qxg5 Rc8 20. Ned4 e5
21. Qxd8 Rfxd8 22. Nb5 d5 23. Nxa7 Rxc2 24. a4 d4 25. Nb5 h5 26. Na5 b6 27. Nb7
Rd7 28. N7d6 Rc6 29. Ne8 d3 30. Rc1 d2 31. Rb1 e4 0-1

[Event "Ct. Catalunya juvenil"]
[Site "?"]
[Date "2011.04.21"]
[Round "3"]
[White "Frances Cuscullola, O."]
[Black "Arno Bendicho, X."]
[Result "1-0"]
[WhiteElo "2077"]
[BlackElo "1630"]
[PlyCount "123"]
[EventDate "2011.??.??"]
[EventType "swiss"]
[EventRounds "8"]

1. Nc3 Nf6 2. b3 b6 3. Bb2 Bb7 4. Nf3 d6 5. d4 Nbd7 6. d5 h6 7. e4 e5 8. Be2 g6
9. O-O Bg7 10. Ne1 O-O 11. Nd3 Nh7 12. Qd2 Rc8 13. Rad1 Qe7 14. Bg4 f5 15. exf5
gxf5 16. Be2 Nhf6 17. Nb4 Nb8 18. Bc4 Kh8 19. Rfe1 a5 20. Nd3 Ba6 21. Nf4 Qf7
22. Bxa6 Nxa6 23. Ne6 Rg8 24. Qd3 Nb8 25. Qxf5 Qh5 26. Qxh5 Nxh5 27. Nb5 Na6
28. Na7 Rce8 29. Nc6 Kh7 30. Re3 Nb8 31. Na7 Na6 32. Rd2 Re7 33. Nc6 Rf7 34. g3
Bh8 35. Kf1 Ng7 36. Nxg7 Bxg7 37. a3 Rgf8 38. b4 a4 39. Bc1 h5 40. Re1 Bh6 41.
Rde2 Bxc1 42. Rxc1 Rf3 43. Na7 Kg6 44. Kg2 R8f7 45. Nb5 Rf8 46. Rd1 Kg5 47.
Rdd2 Kg6 48. Re4 Kg5 49. Rc4 R3f7 50. Rc3 Rg8 51. Re3 Ra8 52. Rdd3 Kg6 53. Rf3
Rf6 54. Rc3 Rxf3 55. Rxf3 Kg7 56. Rc3 Rc8 57. Nxd6 Rd8 58. Nf5+ Kg6 59. Ne3 Kf6
60. Rc6+ Kg7 61. b5 Nc5 62. Rxc7+ 1-0

[Event "Ct. Catalunya juvenil"]
[Site "?"]
[Date "2011.04.21"]
[Round "3"]
[White "Jover Font, P."]
[Black "Martin Perez, L."]
[Result "0-1"]
[WhiteElo "1712"]
[BlackElo "1856"]
[PlyCount "70"]
[EventDate "2011.??.??"]
[EventType "swiss"]
[EventRounds "8"]

1. e4 c5 2. Nc3 e6 3. f4 a6 4. Nf3 b5 5. d3 Bb7 6. g4 Be7 7. Ne2 d5 8. e5 Bh4+
9. Ng3 Nh6 10. g5 Nf5 11. Nxh4 Nxh4 12. Qg4 Ng6 13. Bg2 Nc6 14. Be3 Nd4 15.
Bxd4 cxd4 16. O-O h6 17. Rae1 hxg5 18. f5 Rh4 19. Qd1 Nf4 20. Bf3 g4 21. Bxg4
Qg5 22. Rxf4 Qxf4 23. Bh5 O-O-O 24. Bxf7 Rdh8 25. Bxe6+ Kc7 26. Qc1 Qxc1 27.
Rxc1 Rxh2 28. f6 gxf6 29. exf6 Bc8 30. f7 R2h6 31. Bxd5 Rg6 32. Kf2 Be6 33. Re1
Bxd5 34. Re8 Rh2+ 35. Ke1 Bxf7 0-1

[Event "Ct. Catalunya juvenil"]
[Site "?"]
[Date "2011.04.21"]
[Round "3"]
[White "Julian Ortin, EM."]
[Black "Sabria Batlle, P."]
[Result "0-1"]
[WhiteElo "1745"]
[BlackElo "2211"]
[PlyCount "58"]
[EventDate "2011.??.??"]
[EventType "swiss"]
[EventRounds "8"]

1. d4 Nf6 2. c4 e6 3. Nc3 d5 4. cxd5 exd5 5. Bg5 Nbd7 6. e3 c6 7. Bd3 Be7 8.
Nge2 Nf8 9. Qc2 Ne6 10. Bh4 g6 11. h3 a5 12. g4 b5 13. Bg3 a4 14. Nf4 O-O 15.
O-O-O Qa5 16. Nce2 b4 17. Qd2 Ng5 18. Ng1 Nge4 19. Qe1 Ba6 20. Kb1 a3 21. b3
Nc3+ 22. Ka1 Nxd1 23. Qxd1 Bxd3 24. Nxd3 Ne4 25. Ne2 c5 26. f3 Nxg3 27. Nxg3
Bf6 28. f4 cxd4 29. e4 Bh4 0-1

[Event "Ct. Catalunya juvenil"]
[Site "?"]
[Date "2011.04.21"]
[Round "3"]
[White "Montiel Baeza, A."]
[Black "Vidal Zamora, A."]
[Result "1/2-1/2"]
[WhiteElo "1908"]
[BlackElo "2128"]
[PlyCount "81"]
[EventDate "2011.??.??"]
[EventType "swiss"]
[EventRounds "8"]

1. e4 c5 2. Nf3 e6 3. d4 cxd4 4. Nxd4 Nf6 5. Nc3 Bb4 6. Bd3 e5 7. Nde2 d5 8.
exd5 Nxd5 9. Bd2 Nxc3 10. Bxc3 Bxc3+ 11. Nxc3 O-O 12. O-O Nc6 13. a3 Be6 14.
Re1 h6 15. Be4 Qb6 16. Bxc6 bxc6 17. b4 a5 18. Na4 Qb5 19. c3 Rfd8 20. Qc2 f6
21. Nc5 Bd5 22. Rec1 axb4 23. axb4 Qc4 24. f3 h5 25. Kh1 h4 26. h3 Ra2 27. Rxa2
Qxa2 28. Kg1 Qxc2 29. Rxc2 Bc4 30. Kf2 Rd1 31. g3 g5 32. Ne4 Bd3 33. Rd2 Rxd2+
34. Nxd2 Kf7 35. Ne4 Ke7 36. Nc5 Bc4 37. Ne4 Bb5 38. Kg2 Ke6 39. Kf2 Ke7 40.
Kg2 Ke6 41. c4 1/2-1/2

[Event "Ct. Catalunya juvenil"]
[Site "?"]
[Date "2011.04.21"]
[Round "3"]
[White "Moreno Martin, D."]
[Black "Boldu Soto, R."]
[Result "1/2-1/2"]
[WhiteElo "2171"]
[BlackElo "1961"]
[PlyCount "95"]
[EventDate "2011.??.??"]
[EventType "swiss"]
[EventRounds "8"]

1. e4 e6 2. d4 d5 3. Nd2 f5 4. e5 c5 5. c3 cxd4 6. cxd4 Nc6 7. Ngf3 Qb6 8. Nb3
a5 9. Bd3 a4 10. Nbd2 Nxd4 11. O-O Bd7 12. Nxd4 Qxd4 13. Nf3 Qb6 14. Be3 Bc5
15. Bxc5 Qxc5 16. Rc1 Qb6 17. Qd2 h6 18. Qc3 Kd8 19. Bxf5 a3 20. Bb1 axb2 21.
Rc2 Rc8 22. Qa3 Rxc2 23. Qf8+ Be8 24. Bxc2 Qc7 25. Ba4 Qe7 26. Qxe8+ Qxe8 27.
Bxe8 Kxe8 28. Rb1 Kf7 29. Rxb2 Ne7 30. Rxb7 Rc8 31. g3 Rc4 32. Ra7 g5 33. h3
Kf8 34. Kg2 d4 35. Ra8+ Kf7 36. Ra7 Kf8 37. Ra3 Nc6 38. Rd3 Rc3 39. Rd2 d3 40.
Ne1 Nxe5 41. f4 gxf4 42. gxf4 Ng6 43. Kf3 Ra3 44. Nxd3 Ke7 45. Kg4 Kf6 46. Nf2
Ra4 47. Kg3 h5 48. Rb2 1/2-1/2

[Event "Ct. Catalunya juvenil"]
[Site "?"]
[Date "2011.04.21"]
[Round "3"]
[White "Muñoz Muñoz, R."]
[Black "Arno Bendicho, A."]
[Result "0-1"]
[WhiteElo "1768"]
[BlackElo "1908"]
[PlyCount "70"]
[EventDate "2011.??.??"]
[EventType "swiss"]
[EventRounds "8"]

1. e4 c5 2. Nc3 d6 3. g3 Nc6 4. Bg2 e5 5. d3 h6 6. h3 Nf6 7. Be3 Be7 8. f4 exf4
9. Bxf4 O-O 10. g4 Nh7 11. Qf3 Nd4 12. Qf2 Bh4 13. Bg3 Bxg3 14. Qxg3 Nxc2+ 15.
Kd2 Nxa1 16. Nf3 Ng5 17. Rxa1 Nxf3+ 18. Bxf3 Be6 19. h4 g6 20. Rg1 Kg7 21. Kc1
a6 22. Rf1 Rb8 23. Nd5 Bxd5 24. exd5 b5 25. Be4 c4 26. d4 Qe7 27. Bc2 Rbe8 28.
Kb1 a5 29. h5 b4 30. Qf2 c3 31. b3 f5 32. gxf5 g5 33. Bd3 Rf6 34. Bb5 Qe4+ 35.
Ka1 Re7 0-1

[Event "Ct. Catalunya juvenil"]
[Site "?"]
[Date "2011.04.21"]
[Round "3"]
[White "Nieto Farreny, F."]
[Black "Vazquez Kaufmann, D."]
[Result "1-0"]
[WhiteElo "2044"]
[BlackElo "1689"]
[PlyCount "78"]
[EventDate "2011.??.??"]
[EventType "swiss"]
[EventRounds "8"]

1. d4 e6 2. c4 Nf6 3. Nc3 d5 4. Nf3 c6 5. e3 Be7 6. Bd3 Nbd7 7. e4 dxe4 8. Nxe4
Nxe4 9. Bxe4 Nf6 10. Bc2 b6 11. O-O Bb7 12. Ne5 Bd6 13. Bg5 h6 14. Bh4 g5 15.
Bg3 h5 16. Qd3 Rg8 17. c5 bxc5 18. dxc5 Bxc5 19. Qc4 Qd5 20. Rfd1 Qxc4 21. Nxc4
Rd8 22. Nd6+ Bxd6 23. Bxd6 Nd5 24. Bc5 Nb6 25. a4 Rd5 26. b4 Nc8 27. a5 Rxd1+
28. Rxd1 f5 29. Bd3 a6 30. Bc4 Rg6 31. Re1 Kd7 32. Rd1+ Ke8 33. Kf1 Ne7 34. Rd6
e5 35. Rxg6 Nxg6 36. Be6 f4 37. Ke2 Nf8 38. Bf5 Kf7 39. Kf3 Ne6 1-0

[Event "Ct. Catalunya juvenil"]
[Site "?"]
[Date "2011.04.21"]
[Round "3"]
[White "Palomo Teruel, X."]
[Black "Torres Morales, F."]
[Result "1-0"]
[WhiteElo "2052"]
[BlackElo "1746"]
[PlyCount "63"]
[EventDate "2011.??.??"]
[EventType "swiss"]
[EventRounds "8"]

1. d4 Nf6 2. c4 g6 3. Nc3 Bg7 4. e4 d6 5. f4 O-O 6. Nf3 Nbd7 7. Be2 e5 8. fxe5
dxe5 9. dxe5 Ng4 10. Bg5 Qe8 11. Nd5 Ngxe5 12. Be7 c6 13. Bxf8 Qxf8 14. Nc3 Qc5
15. Nd2 Nb6 16. Nb3 Qe7 17. c5 Nbc4 18. Bxc4 Nxc4 19. Qe2 Be6 20. O-O Nxb2 21.
Qxb2 Bxb3 22. Qxb3 Qxc5+ 23. Kh1 Qxc3 24. Qxf7+ Kh8 25. Qxb7 Re8 26. Rac1 Qb2
27. Qxb2 Bxb2 28. Rxc6 Rxe4 29. Rc8+ Kg7 30. Rc7+ Kg8 31. Rxa7 Bd4 32. Ra4 1-0